Biggest Cities Beginning With 'Q' - Statistics

General Stats
  • This quiz has been taken 48 times
  • The average score is 6 of 48
Answer Stats
Population Country City % Correct
1,607,734 Ecuador Quito
98%
2,761,720 Philippines Quezon City
80%
4,556,077 China Qīngdăo
76%
531,902 Canada Québec City
76%
900,000 Iran Qom
67%
733,675 Pakistan Quetta
53%
1,033,174 China Qíqíhā'ĕr
27%
1,330,100 China Quánzhōu
24%
101,636 United States Quincy
18%
384,358 China Qīngzhōu
13%
103,399 Portugal Queluz
13%
422,688 China Qúzhōu
13%
489,139 China Qīnzhōu
11%
967,877 China Qinhuangdao
9%
916,453 China Qīngyuăn
7%
196,867 Guatemala Quetzaltenango
7%
222,898 Uzbekistan Qarshi
4%
241,422 Egypt Qinā
4%
246,915 Mozambique Quelimane
4%
302,805 China Qŭfù
4%
503,678 China Qītáihé
2%
230,810 Argentina Quilmes
2%
646,046 China Qŭjìng
2%
149,737 Egypt Qalyūb
0%
160,000 China Qapqal
0%
251,834 Iran Qarchak
0%
333,635 Iran Qazvin
0%
308,849 China Qiān'ān
0%
437,757 China Qiánjiāng
0%
165,779 China Qiánshān
0%
102,332 China Qianzhou
0%
479,243 China Qĭdōng
0%
152,700 China Qīngtóngxiá
0%
310,000 China Qìngyáng
0%
166,916 China Qīngzhèn
0%
272,500 China Qìnyáng
0%
480,000 China Qionghai
0%
306,000 China Qiónglái
0%
204,633 China Qīxiá
0%
111,752 Iran Qūchān
0%
151,335 Brazil Queimados
0%
150,827 Ecuador Quevedo
0%
130,825 Colombia Quibdó
0%
169,360 Bolivia Quillacollo
0%
167,085 Chile Quilpué
0%
210,338 Vietnam Qui Nhon
0%
102,903 Saudi Arabia Qurayyat
0%
225,816 India Quthbullapur
0%
No matching quizzes found
Score Distribution
Percent of People with Each Score
Percentile by Number Answered
Your Score History
You have not taken this quiz